Νικάω το φόβο ! : όλα όσα θα έπρεπε να ξέρεις για να μη φοβάσαι χωρίς λόγο

Αποθηκεύτηκε σε:
Λεπτομέρειες βιβλιογραφικής εγγραφής
Κύριος συγγραφέας: Gomboli, Mario
Άλλοι συγγραφείς: Γαβριηλίδου, Σοφία (trlf)
Μορφή: Βιβλίο
Γλώσσα:Greek
Italian
Δημοσίευση: Θεσσαλονίκη : Φλούδας, [2000].
Σειρά:Συμβουλές του μικρού λύκου
Θέματα:
Ετικέτες: Προσθήκη ετικέτας
Δεν υπάρχουν, Καταχωρήστε ετικέτα πρώτοι!

MARC

LEADER 00000cam a2200000 a 4500
001 1/122204
008 201006s2000####gr | ||| |||| ||gre||
020 |a 9608582997 
040 |a GR-MyUa  |b gre  |c GR-MyUa  |e AACR2 
041 1 |a gre  |h ita 
082 7 |a 808.899282   |2 (23) 
100 1 |a Gomboli, Mario. 
245 1 0 |a Νικάω το φόβο ! :   |b όλα όσα θα έπρεπε να ξέρεις για να μη φοβάσαι χωρίς λόγο /   |c Mario Gomboli ; μετάφραση : Σοφία Γαβριηλίδου.  
260 |a Θεσσαλονίκη :   |b Φλούδας,   |c [2000].  
300 |a 31 σ. :   |b εικ. ;   |c [2000;].  
490 1 |a (Συμβουλές του μικρού Νικόλα)  
500 |a Τίτλος πρωτοτύπου: Abbasso la paura!  
650 0 |a Fear in children. 
650 0 |a Fear in children  |x Prevention. 
650 0 |a Illustrated children's books. 
700 1 |a Γαβριηλίδου, Σοφία,  |e trlf 
830 0 |a Συμβουλές του μικρού λύκου 
852 |a INST  |b RHODES  |e 20201006  |h 808.899282 GOM  |p 005400041670  |q 005400041670  |t BK  |y 0 
920 |a Δωρεά βιβλιοθήκης  |y Ρόδος  |z 2020-09 
970 |a Μαρία  |b Κωτάκου  |z 06-10-2020